| 000 | 00830nmc a2200289 a 4500 | ||
|---|---|---|---|
| 003 | AR-BaBNM | ||
| 005 | 20251128211700.0 | ||
| 008 | 225020s1999 ||||||||||||||000 | spa|| | ||
| 020 | _a987-96575-8-6 | ||
| 040 | _cAR-BaBNM | ||
| 100 | 1 | _aLucchini, Cristina | |
| 245 | 1 | 0 | _aIndustrialismo y nacionalidad en Argentina y el Brasil, 1890-1950 |
| 260 |
_aBuenos Aires _bDel Signo _bFundación Simón Rodríguez _c1999 |
||
| 300 | 0 | _a153 p. | |
| 490 | 0 | _aMercosur | |
| 650 | 4 | _aHISTORIA ARGENTINA | |
| 650 | 4 | _aHISTORIA LATINOAMERICANA | |
| 650 | 4 | _aHISTORIA ECONOMICA | |
| 650 | 4 | _aINTEGRACION REGIONAL | |
| 650 | 4 | _aPOLITICA ECONOMICA | |
| 700 | 1 | _aPerissinotto, Renato Monseff | |
| 700 | 1 | _aJaúregui, Aníbal Pablo | |
| 700 | 1 | _aCerra, Angel | |
| 700 | 1 | _aBlanco, Teodoro V. | |
| 942 | _cBK | ||
| 998 | _cmariana | ||
| 999 |
_c20698 _d20698 |
||